1707 1860 1313 1620 1349 1210 1139 1858 1953 1541 1984 1010 1860 1105 1755 1978 1296 1361 1065 1090 1739 1167 1392 1604 1685 1407 1166 1444 1329 1643 1608 1545 1458 1515 1888 1937 1907 1504 1128 1644 1253 1480 1469 1445 1474 1882 1708 1987 1333 1688 1106 1846 1728 1311 1458 1669 1005 1130 1073 1272 1663 1629 1581 1535 1116 1135 1848 1235 1331 1431 1502 1500 1248 1983 1204 1869 1409 1237 1113 1905 1997 1452 1020 1419 1234 1140 1949 1243 1270 1519 1480 1342 1887 1880 1352 1230 1824 1191 1369 BCNSPRNW ULIB Ver.6.0+V

เปลี่ยนเป็นภาษาไทย

Change to English
 แสดงรายละเอียดบรรณานุกรม
  กลับหน้าหลัก

Brief Record : Get Marc (ISO 2709) : E-mail record : QR code < ปิดหน้าต่าง
LEADER : 00000nam 2200000uu 4500
001    13399123932
003     ULIB
008    141215s2554||||th 000 0 tha d
020    ^a9789749511497
050  4 ^aPE1116.M4^bล511p
100 1  ^aลีออง, ฮิว
245 10 ^aProfessional hospital english for Thailand =^bภาษาอังกฤษสำหรับพนักงานโรงพยาบาล/^cลีออง, ฮิว
246 30 ^aภาษาอังกฤษสำหรับพนักงานโรงพยาบาล
260    ^aเชียงใหม่ :^bซิลค์เวอร์ม,^c2554.
300    ^a254 หน้า :^bภาพประกอบ ;^c24 ซม.
650  4 ^aภาษาอังกฤษ^xบทสนทนาและวลี
700 0  ^aคิด พงศทัต
945    ^p350^l0^i22706
945    ^p350^l0^i22707
945    ^p350^l0^i22708
945    ^p350^l0^i22709
945    ^p350^l0^i22710
999    ^aทศพร เกษรทอง
รายการนี้ยังไม่มีแท็ก
คุณยังไม่ได้ล็อกอิน คุณสามารถมีกิจกรรมร่วมกับเว็บไซต์ได้ แต่ต้องล็อกอินก่อน ::
  ล็อกอิน

รายการสื่อสารสนเทศ

ลำดับที่ ประเภท เลขเรียก/บาร์โค้ด สถานที่ สถานะ
1. การศึกษาทั่วไป
หนังสือสำรอง
สถานะ=หนังสือสำรอง
PE1116.M4 ล511p ฉ.1 
  Barcode: 22706
ห้องสมุดวิทยาเขตนครสวรรค์
►หนังสือทั่วไป:l:General Books
บนชั้น
2. การศึกษาทั่วไป
การศึกษาทั่วไป
PE1116.M4 ล511p ฉ.2 
  Barcode: 22707
ห้องสมุดวิทยาเขตนครสวรรค์
►หนังสือทั่วไป:l:General Books
บนชั้น
3. การศึกษาทั่วไป
การศึกษาทั่วไป
PE1116.M4 ล511p ฉ.3 
  Barcode: 22708
ห้องสมุดวิทยาเขตนครสวรรค์
►หนังสือทั่วไป:l:General Books
บนชั้น
4. การศึกษาทั่วไป
การศึกษาทั่วไป
PE1116.M4 ล511p ฉ.4 
  Barcode: 22709
ห้องสมุดวิทยาเขตนครสวรรค์
►หนังสือทั่วไป:l:General Books
บนชั้น
5. การศึกษาทั่วไป
การศึกษาทั่วไป
PE1116.M4 ล511p ฉ.5 
  Barcode: 22710
ห้องสมุดวิทยาเขตนครสวรรค์
►หนังสือทั่วไป:l:General Books
บนชั้น

รายการใกล้เคียง
    ผู้แต่ง [ลีออง, ฮิว]

BibComment


ยังไม่เคยถูกคอมเมนท์

คอมเมนท์ทรัพยากรรายการนี้
  คอมเมนท์: Professional hos..


 Copyright 2026. Bcnsprnw @Library